| 000 | 02619nam a2200253Ia 4500 | ||
|---|---|---|---|
| 008 | 130821s2008 enk grff eng | ||
| 020 | _a199219311 | ||
| 020 | _a9780199219315 | ||
| 040 |
_aCo-BoUCM _bspa |
||
| 041 | 0 | 0 | _aeng |
| 245 | 0 | 4 |
_aThe Oxford Handbook of American Philosophy _ceditado por Cheryl Misak |
| 260 |
_aOxford (Oxfordshire, Inglaterra) _bOxford University Press _c2008 |
||
| 300 | _axiii, 642 páginas | ||
| 490 | 0 | _aOxford Handbooks | |
| 504 | _aIncluye referencias bibliográficas e índice. | ||
| 505 | _aJonathan Edwards and eighteenth-century religious philosophy / Roger A. Ward. -- Emerson, Romanticism, and classical American pragmatism / Russell B. Goodman. -- Peirce and pragmatism : American connections / Douglas Anderson. -- William James / Henry Jackman. -- John Dewey : inquiry, ethics, and democracy / Matthew Festenstein. -- Josiah Royce : idealism, transcendentalism, pragmatism / Kelly A. Parker. -- George Santayana : ordinary reflection systematized / Glenn Tiller. -- A pragmatist world view : George Herbert Mead's philosophy of the act / Cornelis de Waal. -- W.E.B. Du Bois : double-consciousness, Jamesian sympathy, and the critical turn / Mitchell Aboulafia. -- The pragmatist family romance / Robert Westbrook. -- The reception of early American pragmatism / Cheryl Misak. -- Whitehead's metaphysical system / John W. Lango. -- Thorstein Veblen and American social criticism / Joseph Heath. -- Pragmatism and the Cold War / Robert Talisse. -- Pragmatism and the given : C.I. Lewis, Quine, and Peirce / Chris Hookway. -- W.V. Wuine / Arif Ahmed. -- Philosophy of science in America / Alan Richardson. -- The influence of Wittgenstein on American philosophy / Hans-Johann Glock. -- Placing in a space of norms : neo-Sellarsian philosophy in the twenty-first century / Mark Lance. -- Rorty, Davidson, and the future of metaphysics in America / Björn Ramberg. -- Analytic philosophy in America / Scott Soames. -- Logic and the foundations of mathematics / Danielle Macbeth. -- Liberal equality : what, where, and why / Kok-Chor Tan. -- Legal philosophy in America / Brian H. Bix. -- American moral philosophy / Brad Hooker. -- Essences, intersections, and American feminism / Ann Garry. | ||
| 650 | 0 | 4 |
_aFilosofía estadounidense _xHistoria y crítica _vManuales _915813 |
| 650 | 0 | 4 |
_aFilosofía moderna _915835 |
| 650 | 0 | 4 |
_aFilosofía _975 |
| 700 | 1 |
_aMisak, C. J. _eed. _q(Cheryl J.) _9137326 |
|
| 856 | 4 | 2 |
_zTabla de Contenido _uhttp://www.loc.gov/catdir/toc/ecip0816/2008015965.html |
| 942 |
_cLIBRO _a2 _e1 _mO982 _2DEWEY _h191 |
||
| 999 |
_c63427 _d63427 |
||